| 000 | 00775nam a22002177a 4500 | ||
|---|---|---|---|
| 005 | 20080710142328.0 | ||
| 008 | 080710t xxu||||| |||| 00| 0 eng d | ||
| 010 | _aENG-90512 | ||
| 020 |
_a818955798X _c795.00 |
||
| 035 | _aEN-74045 | ||
| 037 | _bDBAD / PUB | ||
| 040 |
_aDPL _bEN |
||
| 082 | _a530.12 | ||
| 100 | _aTreman, P. | ||
| 245 |
_aQuantum mechanics / _cby P. Treman |
||
| 260 |
_aNew Delhi _bArise Publishers & Distributors _c2007 |
||
| 270 |
_a4648 / , 21, Ansari Road, Darya Ganj _bNew Delhi _e110002 |
||
| 300 |
_a376p. _c22cm.(Hb) |
||
| 942 |
_2ddc _cEN _h530.12 _mTRE |
||
| 999 |
_c14381 _d14381 |
||